|
|
|
|
| LEADER |
00766naa a2200205 i 4500 |
| 001 |
publ27951 |
| 005 |
20230725081134.0 |
| 008 |
230725s2023 hu o 0|| Magyar d |
| 020 |
|
|
|a 9789633083079
|
| 024 |
7 |
|
|a 34073082
|2 mtmt
|
| 040 |
|
|
|a SZTE Publicatio Repozitórium
|b hun
|
| 041 |
|
|
|a Magyar
|
| 100 |
1 |
|
|a Balogh Elemér
|
| 245 |
1 |
0 |
|a Bűncselekmény és büntetés
|h [elektronikus dokumentum] /
|c Balogh Elemér
|
| 260 |
|
|
|a ORAC Kiadó Kft.; Eötvös Loránd Research Network Centre for Social Sciences Institute for Legal Studies
|b Budapest
|c 2023
|
| 300 |
|
|
|a 30
|
| 300 |
|
|
|a 1-30
|
| 490 |
0 |
|
|a Internetes Jogtudományi Enciklopédia
|
| 650 |
|
4 |
|a Jogtudomány
|
| 856 |
4 |
0 |
|u http://publicatio.bibl.u-szeged.hu/27951/1/buncselekmeny-es-buntetes.pdf
|z Dokumentum-elérés
|